000 00470nam a2200193Ia 4500
008 151119s9999||||xx |||||||||||||| ||und||
082 _a891.461
082 _bGKKV25461
100 _aअनघा
245 _aस्वप्नगंधा
260 _a--
260 _b--
260 _c1997
600 _aअनघा
630 _aस्वप्नगंधा
700 _aअनघा
730 _aस्वप्नगंधा
942 _cBOOK
999 _c1077981
_d1077978